| 000 | 00508cam0a220018100 4500 | ||
|---|---|---|---|
| 001 | tmp15851363 | ||
| 003 | UPRA | ||
| 005 | 20190809113233.0 | ||
| 008 | 951107s1989 xx eng u | ||
| 035 | _a(Sirsi) r36623 | ||
| 035 | _a(UPRA)tmp15851363 | ||
| 040 | _cUPRA | ||
| 100 | 1 |
_aPetheran, R. J. _6A98911.1 |
|
| 245 | 1 | 0 | _aApproaches to research on draught animal power in Indonesia, Ethiopia and Australia. |
| 260 | _c1989. | ||
| 949 |
_aSF78 _wLC _i-43526 _mVETMED _p2500 _tBOOK _lON-SHELF |
||
| 004 | 36623 | ||
| 999 |
_c1311 _d1311 |
||